[Event "GCT Saint Louis Rapid 2019"]
[Site "Saint Louis"]
[Date "10.08.2019"]
[Round "3"]
[White "Vachier-Lagrave, Maxime"]
[Black "Rapport, Richard"]
[Result "1-0"]
[WhiteTitle "GM"]
[BlackTitle "GM"]
[WhiteElo "2778"]
[BlackElo "2747"]
[WhiteFideId "623539"]
[BlackFideId "738590"]
[EventDate "2019.08.10"]

1. e4 e6 2. d4 d5 3. e5 c5 4. c3 Nc6 5. Nf3 Qb6 6. a3 c4 7. Nbd2 Na5 8. g3 Bd7
9. h4 O-O-O 10. Bh3 Kb8 11. O-O h6 12. Re1 Ne7 13. Rb1 Nc8 14. Nf1 Qc7 15. h5
Nb6 16. Be3 Ba4 17. Qe2 Be7 18. N3h2 Qd7 19. f4 g6 20. Bf2 Rdg8 21. Ne3 Nc6 22.
Kh1 Bd8 23. hxg6 fxg6 24. Qg4 Qh7 25. b3 cxb3 26. Qxe6 Nxd4 27. cxd4 Bd7 28.
Qxd7 Nxd7 29. Rxb3 Nb6 30. a4 Nxa4 31. Nxd5 g5 32. f5 g4 33. Bg2 Nb6 34. Ne3 h5
35. f6 h4 36. Kg1 Bc7 37. Rc1 Qd7 38. Rd1 hxg3 39. Bxg3 Rh3 40. Nhf1 Rh5 41. Rc3
Rc8 42. Rdc1 Qxd4 43. Rxc7 Rxc7 44. e6 Rc5 45. Rxc5 Qxc5 46. e7 Qh5 47. Nf5 Nc8
48. N1e3 Qg6 49. Nd5 Qxf5 50. Bxc7+ 1-0